| 000 | 01336nam a2200217 i 4500 | ||
|---|---|---|---|
| 001 | 156233 | ||
| 003 | ES-MaACL | ||
| 005 | 20250725062542.0 | ||
| 008 | 931025m18851906fr f |||| | fre d | ||
| 100 | 1 |
_aJamin, Jules-Célestin. _9128266 |
|
| 245 | 1 | 0 |
_aCours de physique de l'Ecole polytechnique / _cpar J. Jamin. |
| 250 |
_a4\pe\s éd. augm. et entièrement refondue _bpar Bouty. |
||
| 260 |
_aParis : _b[s.n.], _c[s.a.] ( _fGauthier-Villars et fils) |
||
| 300 |
_av. : _bil. ; _c23 cm. |
||
| 596 | 1 | _aNUC, fecha esta edición ca. 1885-1906. | |
| 650 | 0 | 7 |
_aFísica _2embne _912877 |
| 700 | 1 | 1 |
_aBouty, Edmond Marie Leopold, _eed. lit. _9126134 |
| 752 |
_aFrancia - _dParís |
||
| 852 |
_aES-MaACL _jB-12716-12722 _z-- Enc. pasta española _z-- Los suplementos 1-2 enc. juntos _x-- T300: 7 v. -- T597: T. I. 1891 (245 p., 1 h. de lám. pleg.); T. II. Fasc. 1-3. 1886 ( 327, 229, 258 p., 1 h. pleg. -- T. III. Fasc. 1-3. 1887 (202, 206, 713 p., [8] h. de lám. pleg.); T. IV, 1ª parte. 1890 (381 p.,1 h. de lám. pleg.); T. IV, 2ª parte. 1891 (465, 240 p., 1 h. de lám., tablas generales 60 p.); 1e. Supl. 1896 (182 p.); 2e Supl. 1899 (211 p., 2 h. de lám.); 3e. Supl. 1906 (419 p.) _x-- Edic. T599: Numerosas il. intercaladas en el texto --T596: Las fechas de publicación de la obra: 1886-1906 |
||
| 999 |
_c156233 _d156233 |
||